000 00704nam a2200229 4500
003 OSt
005 20240725051321.0
006 a
008 240725b |||||||| |||| 00| 0 eng d
020 _a9789710388837
040 _aDWCL-Main lib.
_cOC
082 _aFil. 613.7 P578 2009
100 _aDimapilis, Nenita J.
245 _aPhysical education I: physical fitness and gymnastics /
260 _aMandaluyong City :
_bBooks Atbp. Pub. Corp.,
_cc2009.
300 _aviii,
_b229 p. : ill. ;
_c23 cm.
504 _aIncludes bibliographical references & index.
650 _a1. Physical education.
650 _a2. Physical fitness.
650 _a3. Gymnastics.
942 _2ddc
_n0
_cBK - FIL
_kFil.
999 _c2724
_d2724